Les Pokémon de la Septième Génération dans l'ordre - Statistiques

Statistiques générales
  • Ce quiz a été pris 44 fois
  • Le résultat moyen est 78 sur 88
Statistiques - réponses
# Nom % Correct
0722 Brindibou
100%
0723 Efflèche
100%
0725 Flamiaou
100%
0730 Oratoria
100%
0729 Otarlette
100%
0805 Ama-Ama
94%
0724 Archéduc
94%
0735 Argouste
94%
0797 Bamboiselle
94%
0733 Bazoucan
94%
0796 Cablifère
94%
0795 Cancrelove
94%
0789 Cosmog
94%
0790 Cosmovum
94%
0799 Engloutyran
94%
0727 Félinferno
94%
0798 Katagami
94%
0792 Lunala
94%
0801 Magearna
94%
0804 Mandrillon
94%
0734 Manglouton
94%
0802 Marshadow
94%
0726 Matoufeu
94%
0794 Mouscoto
94%
0800 Necrozma
94%
0728 Otaquin
94%
0731 Picassaut
94%
0732 Piclairon
94%
0806 Pierroteknik
94%
0791 Solgaleo
94%
0788 Tokopisco
94%
0786 Tokopiyon
94%
0785 Tokorico
94%
0787 Tokotoro
94%
0803 Vémini
94%
0793 Zéroïd
94%
0782 Bébécaille
89%
0776 Boumata
89%
0762 Candine
89%
0737 Chrysapile
89%
0761 Croquine
89%
0783 Ecaïd
89%
0784 Ekaïser
89%
0754 Floramantis
89%
0746 Froussardine
89%
0736 Larvibule
89%
0738 Lucanon
89%
0809 Melmetal
89%
0808 Meltan
89%
0753 Mimantis
89%
0748 Prédastérie
89%
0763 Sucreine
89%
0747 Vorastérie
89%
0807 Zeraora
89%
0751 Araqua
83%
0769 Bacabouh
83%
0742 Bombydou
83%
0750 Bourrinos
83%
0771 Concombaffe
83%
0739 Crabagarre
83%
0740 Crabominable
83%
0779 Denticrisse
83%
0775 Dodoala
83%
0780 Draïeul
83%
0765 Gouroutan
83%
0764 Guérilande
83%
0745 Lougaroc
83%
0758 Malamandre
83%
0774 Météno
83%
0741 Plumeline
83%
0766 Quartermac
83%
0744 Rocabot
83%
0743 Rubombelle
83%
0768 Sarmuraï
83%
0773 Silvallié
83%
0781 Sinistrail
83%
0767 Sovkipou
83%
0752 Tarenbulle
83%
0749 Tiboudet
83%
0770 Trépassable
83%
0757 Tritox
83%
0772 Type:0
83%
0760 Chelours
78%
0756 Lampignon
78%
0778 Mimiqui
78%
0759 Nounourson
78%
0755 Spododo
78%
0777 Togedemaru
78%
Aucun quiz correspondant
Distribution des résultats
% des personnes avec chaque résultat
Percentile par nombre de réponses
Votre historique - résultats
Vous n’avez pas pris ce quiz